Dialogues With the Dead (Record no. 10597)

MARC details
000 -LEADER
fixed length control field 00694nam a2200253 a 4500
020 ## - INTERNATIONAL STANDARD BOOK NUMBER
ISBN 8185618
082 00 - DEWEY DECIMAL CLASSIFICATION NUMBER
Classification number 133
Author Cutter VIT
100 ## - MAIN ENTRY--AUTHOR NAME
Author name Vitebsky, Piers
245 ## - TITLE STATEMENT
Title Dialogues With the Dead
Sub title the Discussion of Moratality Among the Sora of Eas
260 ## - PUBLICATION, DISTRIBUTION, ETC. (IMPRINT)
Place of publication Delhi
Name of publisher Cambridge University Press
Year of publication 1993
300 ## - PHYSICAL DESCRIPTION
Number of Pages 294p
500 ## - GENERAL NOTE
General note includes index and biblioraphy
505 2# - FORMATTED CONTENTS NOTE
Formatted contents note Notes, List of Reference, Index
650 ## - SUBJECT ADDED ENTRY--TOPICAL TERM
Topical Term Para-Normal
650 ## - SUBJECT ADDED ENTRY--TOPICAL TERM
Topical Term India-Tribes
942 ## - ADDED ENTRY ELEMENTS (KOHA)
Koha item type Books
700 1# -
-- Vitebsky, Piers
Holdings
Collection code Home library Current library Date acquired Cost, normal purchase price Full call number Accession Number Koha item type
  Henry Martyn Institute Library Henry Martyn Institute Library 03/15/2007 325.00 133 VIT 017032 Books
                   Copyright © 2026 | Henry Martyn Institute | Hyderabad | TS-500052 | INDIA | Implemented by hmi.edu.in
Hit-Count:

Powered by Koha